| 000 | 01226nam a22002897a 4500 | ||
|---|---|---|---|
| 999 |
_c117720 _d117720 |
||
| 003 | dpl | ||
| 005 | 20190219133625.0 | ||
| 008 | 190219b ||||| |||| 00| 0 eng d | ||
| 010 | _aB-051251 | ||
| 020 |
_c150.00 _a8187416246 |
||
| 035 | _aB-051251, B-051258 | ||
| 037 | _bCen Lib/Ret | ||
| 040 |
_aDPL _bHN _c0 |
||
| 082 |
_aक _bगौड़श |
||
| 100 |
_aगौड़ , शशि वीरेंद्र _976465 |
||
| 245 |
_aसाहस शौर्य और सम्मान की गाथाएं / _cशशि वीरेंद्र गौड़ |
||
| 246 |
_aSahas shourya or smman ki gathayen _bby Shashi Virendra Goud |
||
| 260 |
_aदिल्ली _bअलोकपर्व प्रकाशन _c2001 |
||
| 270 |
_a1/6588, पूर्वी रोहताश नगर शाहदरा _b दिल्ली _e110032 |
||
| 300 |
_a152पृष्ठ. _c21सेमी(सजिल्द) |
||
| 650 |
_aहिंदी साहित्य _976466 |
||
| 650 |
_aशूरवीरों की कहानी _95868 |
||
| 650 |
_aHindi literature _976467 |
||
| 650 |
_aKnights Tale story _976468 |
||
| 700 |
_a _976469 |
||
| 942 |
_2ddc _cHN _hक _mगौड़श |
||